000 00330 a2200109 4500
001 ART_6467
005 20260410161826.0
008 260409a
245 1 0 _aPolítica social y acumulación de capital en la Argentina
100 1 _aNahon, Cecilia
773 0 _tFACES
_g- Año 8, Nº 15 (sep./dic. 2002)
_wREV5046
999 _c22763
_d22763